000 00270nam a22001217a 4500
008 260218b ||||| |||| 00| 0 eng d
041 _aeng
080 _a2.1
100 _a20.1
101 _aRoman
245 _aMendimi i Egër
_cClaude Levi -Strauss
942 _2lcc
_cBK
999 _c60822
_d60822